Top 10 Major Mountain Ranges in Europe - Statistics

General Stats
  • This quiz has been taken 100 times
  • The average score is 4 of 10
Answer Stats
Answer % Correct
Alps
99%
Pyrenees
87%
Dinaric Alps
28%
Carpathian Mountains
26%
Balkan Mountains
25%
Scandinavian Mountains
25%
Caucasus Mountains
18%
Dolomites
18%
Apennine Mountains
16%
Scottish Highlands
12%
No matching quizzes found
Score Distribution
Percent of People with Each Score
Percentile by Number Answered
Your Score History
You have not taken this quiz